| 000 | 00520nam a2200169 i 4500 | ||
|---|---|---|---|
| 001 | 78217 | ||
| 003 | ES-MaACL | ||
| 005 | 20230906173609.0 | ||
| 007 | t| | ||
| 008 | 041013s1972 sp ||||1| spa d | ||
| 100 | 1 |
_aHartnack, Justus. _961996 |
|
| 245 | 1 | 0 |
_aWittgenstein y la Filosofía contemporánea / _cJustus Hartnack ; prólogo y traducción de Jacobo Muñoz. |
| 260 |
_aBarcelona : _bAriel, _c[1972] |
||
| 300 |
_a210 p. ; _c18 cm. |
||
| 700 | 1 |
_aMuñoz, Jacobo. _9137824 |
|
| 852 |
_aES-MaACL _jC-4287-1 _bR.82019 |
||
| 999 |
_c78217 _d78217 |
||